00861nam a2200217 a 450000100100000000500170001000800410002702000180006804000250008608200130011110000330012424501750015726000800033230000440041250000480045650000260050450400300053070000250056070000230058570000350060800004895920201002061537.0190425s2015 dr bcd 000 0 spa d a9789945894110 aDO-SdBNPbspacBNPHU axxxbxxx1 aGómez Valenzuela, Víctor10aValor de los ecosistemas protegidos de la República Dominicana /cVíctor Gómez Valenzuela, Francisco Alízar, Solhanlle Bonilla ; prólogo Bautista Rojas Gómez. aSanto Domingo, :bMinisterio de Medio Ambiente y Recursos Naturales,c2015. a213 p. :bmapa, retr., diagr. ;c28 cm. aIncluye datos biografícos de los autores. aIncluye infografías aBibliografía p: 181-19312aAlpízar, Francisco12aBonilla, Solhanlle12aRojas Gómez, Bautistaeprol.